| 000 | 00568nam a2200229Ia 4500 | ||
|---|---|---|---|
| 003 | 0100 | ||
| 008 | 130303s9999 xx 000 0 und d | ||
| 020 | _a814655904 | ||
| 040 | _cARRUPELIB | ||
| 050 | _aBX1795.S48G48 1988 | ||
| 100 | _aGenovesi, Vincent J | ||
| 245 | _aIn Pursuit of love | ||
| 245 | _bCatholic morality and human sexuality | ||
| 260 | _aCollegeville | ||
| 260 | _bLiturgical Press | ||
| 260 | _C1991 | ||
| 300 | _a416p. | ||
| 300 | _b 21cm. | ||
| 440 | _aTheology and life series , 18 | ||
| 700 | _aVincent J. Genovesi | ||
| 942 | 0 | 0 | _01 |
| 999 |
_c10504 _d10504 |
||